| 000 | 01148nam a2200277 a 4500 | ||
|---|---|---|---|
| 001 | 000006076 | ||
| 005 | 20250401130908.0 | ||
| 008 | 090826s1994 dr 001 0 spa d | ||
| 040 |
_aDO-SdBNP _bspa _cBNPHU |
||
| 082 |
_a370.1 _bF438f |
||
| 100 | 1 |
_aFiallo Billini, José Antinoe _d1944- _910159 |
|
| 245 | 1 | 0 |
_aFilosofía de la educación dominicana : _bdiagnósticos y nuevos paradigmas / _cJosé Antinoe Fiallo Billini, Alejandrina Germán. |
| 260 |
_aSanto Domingo : _bPNUD ; _bSEEBAC, _c1994. |
||
| 300 |
_a179 p. ; _c26 cm. |
||
| 490 | 1 |
_aPolíticas educativas _v3 |
|
| 500 | _aIncluye referencias bibliográficas al final de los capítulos | ||
| 590 | _aInventariado, 2018/LP | ||
| 650 | 0 |
_aEducación _xFilosofía _93186 |
|
| 650 | 4 |
_aEducación _xLegislación _zRepública Dominicana _917106 |
|
| 650 | 4 |
_aEducación _zRepública Dominicana _9737 |
|
| 700 | 1 |
_aGermán de Sosa, Alejandrina _917107 |
|
| 710 | 2 |
_aPrograma de las Naciones Unidas para el Desarrollo _9187 |
|
| 710 | 2 |
_aPlan Decenal de Educación (República Dominicana) _917108 |
|
| 830 | 0 |
_aPolíticas educativas ; _n3 _917109 |
|
| 910 | _aValidado. Control de calidad MMOLINA | ||
| 999 |
_c5872 _d5872 |
||